| 000 | 00362nam a2200145 a 4500 | ||
|---|---|---|---|
| 005 | 20140414093849.0 | ||
| 008 | 111128s19uu xx 00 eng d | ||
| 050 |
_aDVD 938 _bROM 2005 |
||
| 245 |
_aRome : _bpast and present / _cR.A. Staccioli. |
||
| 260 |
_aRome : _bVision, _c2005. |
||
| 500 | _awith book | ||
| 650 | _aRome | ||
| 942 | _cAVM | ||
| 999 |
_c109800 _d109800 |
||